Normal view
MARC view
- GOOKIN,DAN
Entry Personal Name
001 - CONTROL NUMBER
- control field: 89253
003 - CONTROL NUMBER IDENTIFIER
- control field: NUST
005 - DATE AND TIME OF LATEST TRANSACTION
- control field: 20220221114423.0
008 - FIXED-LENGTH DATA ELEMENTS
- fixed length control field: 220221|| aca||aabn | a|a d
040 ## - CATALOGING SOURCE
- Original cataloging agency: NUST
- Transcribing agency: NUST
100 ## - HEADING--PERSONAL NAME
- Personal name: GOOKIN,DAN
670 ## - SOURCE DATA FOUND
- Source citation: Work cat.: (NUST): GOOKIN,DAN., C PROGRAMMING DUMMIES /, 2021.
